Normal view
MARC view
- مورينو، خوسي البيرتو واخرون؛ اشراف وترجمة عبد الواحد أكمير
Entry Personal Name
001 - CONTROL NUMBER
- control field: 19814
003 - CONTROL NUMBER IDENTIFIER
- control field: JO-AjAnu
005 - DATE AND TIME OF LATEST TRANSACTION
- control field: 20230606073445.0
008 - FIXED-LENGTH DATA ELEMENTS
- fixed length control field: 230606|| aca||aabn | a|a d
040 ## - CATALOGING SOURCE
- Original cataloging agency: JO-AjAnu
- Transcribing agency: JO-AjAnu
100 ## - HEADING--PERSONAL NAME
- Personal name: مورينو، خوسي البيرتو واخرون؛ اشراف وترجمة عبد الواحد أكمير
670 ## - SOURCE DATA FOUND
- Source citation: Work cat.: (JO-AjAnu)10173: مورينو، خوسي البيرتو واخرون؛ اشراف وترجمة عبد الواحد أكمير, author, الجاليات العربية في أمريكا اللاتينية: دراسة حالات المكسيك - التشيلي - البرازيل - البيرو - الباراغواي - الارجنتين